Given time : I. counterfeit money
Αποθηκεύτηκε σε:
| Κύριος συγγραφέας: | |
|---|---|
| Άλλοι συγγραφείς: | |
| Μορφή: | Βιβλίο |
| Γλώσσα: | English French |
| Δημοσίευση: |
Chicago ; London :
University of Chicago Press,
1992.
|
| Θέματα: | |
| Ετικέτες: |
Προσθήκη ετικέτας
Δεν υπάρχουν, Καταχωρήστε ετικέτα πρώτοι!
|
MARC
| LEADER | 00000cam a2200000 i 4500 | ||
|---|---|---|---|
| 001 | 1/63621 | ||
| 008 | 930924s1992 ilu| ||| |||| ||eng|| | ||
| 020 | |a 0226143139 | ||
| 035 | |a ΛΕΣΒΟΣb10001241 |l 10001241 | ||
| 040 | |a GR-MyUA |b gre |e AACR2 | ||
| 041 | 1 | |a eng |h fre | |
| 082 | 0 | |a 809.9355 | |
| 100 | 1 | |a Derrida, Jacques. | |
| 245 | 1 | 0 | |a Given time : |b I. counterfeit money / |c Jacques Derrida ; translated by Peggy Kamuf. |
| 260 | |a Chicago ; London : |b University of Chicago Press, |c 1992. | ||
| 300 | |a 172 σ. | ||
| 600 | 1 | 0 | |a Mauss, Marcel, |d 1872-1950. |
| 600 | 1 | 0 | |a Baudelaire, Charles, |d 1821-1867. |
| 650 | 0 | 0 | |a Gifts in literature. |
| 650 | 0 | 0 | |a Gifts. |
| 700 | 1 | |a Kamuf, Peggy, |e trlf | |
| 765 | 0 | 8 | |i Μετάφραση του: |t Donner le temps / |
| 852 | |a INST |b LESVOS |e 19930924 |h 809.93355 DER |p 005100005166 |q 005100005166 |t BK |y 0 | ||
| 909 | |a Λ |b 028644 | ||